00537 2200181 4500001002100000005001500021035002000036007000300056008004100059020002200100082001000122084001600132100001800148245004300166250001400209260007700223300005500300INLIS00000000000191820260610082306 a0010-0626000001ta260610 b 1 ind  a978-602-244-278-3 a741.5 a741.5 LIL j0 aLilis Suryani1 aJulia dan Bola Pinang /cLilis Suryani acetakan 1 aJakarta :bkementerian Pendidikan, Kebudayaan,Riset dan Teknologi,c2019 aiv, 32 Halaman :bIlustrasi berwarna ;c25 x 17 cm